000 00692nam a2200229Ia 4500
003 OSt
005 20220918205147.0
006 a|||||r|||| 00| 0
007 ta
008 220917b |||||||| |||| 00| 0 eng d
024 _a115,562
037 _cTextual
040 _aARTS
_cARTS
_beng
041 _2eng
_aeng
082 _aV6-542:8-2501aN6, K9 (906)
100 _aChilcote Ronald H
_9114311
245 0 _aEmerging natinalism in Portuguese Africa
_b A bibliography of documentary ephemera through 1965
260 _aNA
_bNA
_c1969
650 _aHISTORY
942 _hV6-542:8-2501aN6, K9 (906)
_cTEXL
_2CC
999 _c238891
_d238891